[Event "NED-ch U12 op"]
[Site "Borne"]
[Date "2013.08.06"]
[Round "2"]
[White "Geene, Ilse"]
[Black "Plevier, Max"]
[Result "1-0"]
[WhiteElo "985"]
[BlackElo "769"]
[PlyCount "91"]
[EventDate "2013.08.05"]
[EventType "swiss"]
[EventRounds "13"]
[EventCountry "NED"]
[SourceTitle "EXT 2015"]
[Source "ChessBase"]
[SourceDate "2014.11.20"]
[SourceVersion "1"]
[SourceVersionDate "2014.11.20"]
[SourceQuality "1"]

1. e4 e5 2. Nf3 Nc6 3. Bc4 Nf6 4. Nc3 Bc5 5. d3 h6 6. 0-0 0-0 7. Qe2 Bd4 8. Nxd4 exd4 9. Nd5 Nxd5 10. Bxd5 Qf6 11. Bd2 Re8 12. Qg4 d6 13. Qg3 Bd7 14. c3 Re5 15. cxd4 Nxd4 16. Kh1 c6 17. Bb3 Ne2 18. Qe3 d5 19. Qxe2 d4 20. Bb4 c5 21. f4 Re6 22. Bxe6 Qxe6 23. Bxc5 Qf6 24. e5 Qc6 25. Bxd4 Rd8 26. Rac1 Qd5 27. Bxa7 Qxa2 28. Bb6 Re8 29. Bc7 Qd5 30. Bd6 f6 31. Rc5 Qd4 32. Rc7 Bf5 33. Rc3 g5 34. Bc5 Qd5 35. d4 Re6 36. Kg1 b6 37. Ba3 Qxd4+ 38. Qf2 Qd5 39. Qe2 b5 40. Rc8+ Kf7 41. Qh5+ Bg6 42. Rc7+ Ke8 43. Qxg6+ Kd8 44. Qf7 Qd4+ 45. Kh1 Re8 46. Rfc1 1-0